00771 a2200181 4500003000500000005001700005010001600022020001500038040000900053082001200062100003400074245007000108260004200178300003000220505029900250650001300549700002700562Nust20221013112755.0 a 76175188 a0801621658 cNust00a574,HIC1 aHickman, Cleveland Pendleton,10aBiology of animals /cCleveland P. Hickman, Cleveland P. Hickman, aSaint Louis,bC. V. Mosby Co.,c1972. ax, 522 p.billus.c27 cm. aPart-1: How Life Differs from the Nonliving (Page-3), Part-2: The Organization of the animal Body (Page-35), Part-3: Physiology of Animals (Page-83), Part -4: Environmental Relations of the Animal (Page-195), Part-5: The Continuity of Life (Page-255), Part-6: The Diversity of Life (Page-351).  0aZoology.1 aHickman, Cleveland P.,